| 000 | 00721cam a22002413a 4500 | ||
|---|---|---|---|
| 001 | 28000 | ||
| 003 | PGUSA | ||
| 005 | 20140828083614.0 | ||
| 008 | 090120s2009||||xxu|||||s|||||000 | eng d | ||
| 040 |
_aPGUSA _beng |
||
| 042 | _adc | ||
| 050 | 4 | _aE895 | |
| 100 | 1 |
_aObama, Barack, _d1961- |
|
| 245 | 1 | 0 |
_aInaugural Presidential Address _h[electronic resource] / _cBarack Obama |
| 260 |
_bProject Gutenberg, _c2009 |
||
| 506 | _aPublic domain in the USA. | ||
| 516 | _aElectronic text | ||
| 653 | _aObama, Barack, 1961- -- Inauguration, 2009 | ||
| 653 | _aPresidents -- United States -- Inaugural addresses | ||
| 830 | 0 |
_aProject Gutenberg _v28000 |
|
| 856 | 4 | 0 | _uhttp://www.gutenberg.org/ebooks/28000 |
| 942 | _cEB | ||
| 999 |
_c257255 _d257255 |
||